000 01064nam a2200325 i 4500
003 DO-SdBNP
005 20260312134859.0
007 ta
008 190812s1980 dr 000 spa d
040 _aDO-SdBNP
_bspa
_cBNPHU
_erda
082 4 _a340.97293
_bG643c, 1980
_222
100 1 _aGonzález Herrera, Julio,
_923847
_eautor
245 1 0 _aCiencia jurídica dominicana.
_cJulio González Herrera
250 _a2a. edición
264 _aSanto Domingo :
_bONAP,
_c1980.
300 _a271 páginas ;
_c23 cm.
336 _2rdacontent
_atexto
_btxt
337 _2rdacontent
_asin mediación
_bn
338 _2rdacarrier
_avolumen
_bnc
490 1 _aEstudios jurídicos
_v2
490 1 _aPublicaciones ONAP
590 _aInventariado,2020/VM
650 4 _a Derecho
_zRepública Dominicana
_935307
650 0 _aÉtica social
_91353
710 1 _aRepública Dominicana.
_bOficina Nacional de Administración y Personal
_926398
830 0 _aEstudios jurídicos
_98442
830 0 _aPublicaciones ONAP
_955451
910 _aVMateo
942 _2ddc
_cLBS1
999 _c48782
_d48782